| 000 | 00666nam a2200181Ia 4500 | ||
|---|---|---|---|
| 003 | OSt | ||
| 005 | 20250129110543.0 | ||
| 008 | 210210b1960 xxu||||| |||| 00| 0 eng d | ||
| 040 | _cAL | ||
| 041 | _akan | ||
| 082 | _a853/363 | ||
| 100 |
_aRAJARAV (Kaivar) _9161708 _dರಾಜಾರಾವ್ ಕೈವಾರ |
||
| 245 |
_aHusbands supplied:gandanigagi guddata mattu ammavradalita: _bಹಸ್ಬೆಂಡ್ಸ್ ಸಪ್ಲೈಡ್ ಗಂಡನಿಗಾಗಿ ಗುದ್ದಾಟ ಮತ್ತು ಅಮ್ಮವರಾಡಳಿತ |
||
| 260 |
_aBengaluru _bH N Rao Brothers _c1960 |
||
| 690 |
_aKannada Drama _9161709 |
||
| 906 | _a019638 | ||
| 942 |
_2ddc _cBK |
||
| 999 |
_c143772 _d143772 |
||